[Event "Let's Play Chess!"]
[Site "http://www.queenalice.com/game.php?id=1144904"]
[Date "2013.1.26"]
[Round "-"]
[White "HelderNanques"]
[Black "Thiha"]
[Result "1-0"]
[WhiteElo "2119"]
[BlackElo "1995"]

1. d4 c6 2. Bf4 h5 3. h3 d5 4. Nf3 Bf5 5. e3 Nd7 6. Bd3 Nh6 7. Bxh6 Bxd3 8. Qxd3
Rxh6 9. c4 Rg6 10. Nh4 Rf6 11. Nc3 e6 12. a3 Rh6 13. Nf3 Nb6 14. c5 Nc4 15. b3
Na5 16. Nd2 1-0

[Event "Let's Play Chess!"]
[Site "http://www.queenalice.com/game.php?id=1144909"]
[Date "2013.1.26"]
[Round "-"]
[White "Thiha"]
[Black "HelderNanques"]
[Result "0-1"]
[WhiteElo "2029"]
[BlackElo "2100"]

1. e4 e6 2. d4 d5 3. e5 c5 4. c3 Nc6 5. Nf3 Qb6 6. Be2 Bd7 7. a4 cxd4 8. a5 Qc7
9. cxd4 Nxa5 10. Nbd2 Nc6 11. O-O Nge7 12. Nb3 Ng6 13. Be3 a6 14. Qb1 Be7 15.
Rc1 Qb6 0-1

[Event "Let's Play Chess!"]
[Site "http://www.queenalice.com/game.php?id=1144914"]
[Date "2013.1.26"]
[Round "-"]
[White "Thiha"]
[Black "HelderNanques"]
[Result "0-1"]
[WhiteElo "2011"]
[BlackElo "2110"]

1. f4 g6 2. e4 d5 3. e5 c5 4. c3 Qb6 5. d4 cxd4 6. cxd4 Nc6 7. Nf3 Bg4 8. Nbd2
Nxd4 9. Qa4+ Nc6 10. Bb5 Bg7 11. Nd4 Bd7 12. N2b3 Nh6 13. h3 Qc7 14. Be3 O-O 15.
Rc1 Qb6 0-1

[Event "Challenge #4"]
[Site "http://www.queenalice.com/game.php?id=1152593"]
[Date "2013.2.16"]
[Round "-"]
[White "Thiha"]
[Black "kpfingaz"]
[Result "0-1"]
[WhiteElo "1981"]
[BlackElo "1586"]

1. e4 e6 2. d4 d5 3. e5 a6 4. f4 Nh6 5. Bd3 Nc6 6. c3 Nf5 7. g4 Nh4 8. Qe2 Be7
9. f5 h6 10. Nd2 exf5 11. gxf5 Nxf5 12. Qg4 g6 13. Qe2 Bh4+ 14. Kd1 Na7 15. Nb3
Nc6 16. Nh3 b6 17. Qf3 Be6 18. Nf4 Rg8 19. Bd2 Bg5 20. Kc2 Nh4 21. Qe2 Qc8 22.
Rac1 Bg4 23. Qf2 Ne7 24. Kb1 Nf3 25. Be3 Nf5 26. h3 Bh4 27. Bxf5 Qxf5+ 28. Qc2
Qg5 29. hxg4 Qxg4 30. Nxd5 Rc8 31. Rxh4 Qxh4 32. Nf6+ Kf8 33. Nxg8 Kxg8 34. Nd2
Ne1 35. Qe4 Qg3 36. Bxh6 Ng2 37. Rg1 Qh3 38. Bg5 Qh5 39. Rxg2 Qd1# 0-1

[Event "Challenge #5"]
[Site "http://www.queenalice.com/game.php?id=1158780"]
[Date "2013.3.7"]
[Round "-"]
[White "kpfingaz"]
[Black "Thiha"]
[Result "0-1"]
[WhiteElo "1605"]
[BlackElo "1952"]

1. d4 b6 2. Nf3 Bb7 3. e3 e6 4. Ne5 d6 5. Ng4 g6 6. Nd2 Bg7 7. Bd3 h5 8. Ne4 f5
9. Bb5+ c6 10. Qf3 hxg4 11. Qf4 e5 12. Nxd6+ Qxd6 13. dxe5 Bxe5 14. Qa4 cxb5 15.
Qxb5+ Bc6 16. Qf1 Nf6 17. a3 Nbd7 18. Rb1 Kf7 19. b3 Bc3+ 0-1

[Event "Challenge"]
[Site "http://www.queenalice.com/game.php?id=1161500"]
[Date "2013.3.16"]
[Round "-"]
[White "kpfingaz"]
[Black "Thiha"]
[Result "0-1"]
[WhiteElo "1589"]
[BlackElo "1963"]

1. e4 c6 2. c3 d5 3. e5 Bf5 4. d3 Qc7 5. Bf4 e6 6. b3 Nd7 7. Qe2 h6 8. h3 Nc5 9.
Qe3 g5 10. Bg3 Nd7 11. b4 Bg7 12. Nf3 Ne7 13. Nbd2 Ng6 14. d4 b6 15. Be2 O-O 16.
h4 g4 17. Nh2 h5 18. f3 gxf3 19. Bxf3 c5 20. Bxh5 cxd4 21. cxd4 Qc2 22. O-O Kh7
23. Nhf3 Bh6 24. Ng5+ Kg7 25. Bf3 Rac8 26. Kh2 Rc3 27. Qf2 Bxg5 28. hxg5 Rd3 29.
Rfd1 b5 30. a3 Nb6 31. Rac1 Qb2 32. Qe2 Qxd4 33. Nb3 Rh8+ 34. Bh5 Qe4 35. Qxe4
dxe4 36. Nc5 Rxh5+ 37. Kg1 Rxg3 38. Kf2 Rhxg5 39. Rg1 Nxe5 40. Rcd1 Nd5 41. Rde1
Nf4 42. Re3 Rxg2+ 43. Rxg2 Rxg2+ 44. Kf1 Rc2 45. Nxe4 Bh3+ 46. Kg1 Rg2+ 47. Kh1
Ng4 48. Rf3 Rh2+ 49. Kg1 Ne2# 0-1

[Event "Challenge"]
[Site "http://www.queenalice.com/game.php?id=1168343"]
[Date "2013.4.4"]
[Round "-"]
[White "Thiha"]
[Black "tallos"]
[Result "0-1"]
[WhiteElo "1963"]
[BlackElo "1500"]

1. e4 g6 2. c3 Bg7 3. d4 d5 4. e5 Nh6 5. f4 f6 6. Nf3 Bg4 7. Be2 O-O 8. O-O Bxf3
9. Bxf3 fxe5 10. fxe5 e6 11. Qb3 Qc8 12. Be3 c5 13. Qd1 Nc6 14. Qd2 Nf5 15. Bf2
Qd7 16. Na3 cxd4 17. cxd4 a6 18. Nc2 Bh6 19. Qd1 Rac8 20. g4 Nfe7 21. h4 Qd8 22.
g5 Bg7 23. h5 Nf5 24. h6 Qxg5+ 25. Bg2 Bxh6 26. a3 Nh4 27. Bxh4 Qxh4 28. Qd3 Ne7
29. Ne1 Nf5 30. Nf3 Qg3 31. Rad1 Ne3 32. Rf2 Nxd1 33. Qxd1 Be3 0-1

[Event "Challenge"]
[Site "http://www.queenalice.com/game.php?id=1168344"]
[Date "2013.4.4"]
[Round "-"]
[White "tallos"]
[Black "Thiha"]
[Result "1-0"]
[WhiteElo "1500"]
[BlackElo "1963"]

1. e4 c6 2. c4 d5 3. cxd5 cxd5 4. exd5 Qxd5 5. Nc3 Qd8 6. Nf3 Bg4 7. d4 a6 8.
Bc4 e6 9. h3 Bh5 10. d5 e5 11. g4 Bg6 12. Nxe5 Qe7 13. Qe2 b5 14. Nxb5 axb5 15.
Bxb5+ Kd8 16. Bf4 Qb4+ 17. Bd2 Qe4 18. O-O Qxe2 19. Bxe2 Be4 20. Nxf7+ Ke7 21.
Nxh8 Bxd5 22. Bb4+ Ke8 23. Bb5+ Bc6 24. Rfe1+ Ne7 25. Bc4 Nd7 26. Rad1 Nb6 27.
Bf7# 1-0

[Event "Challenge"]
[Site "http://www.queenalice.com/game.php?id=1171146"]
[Date "2013.4.13"]
[Round "-"]
[White "AlekinePb"]
[Black "Thiha"]
[Result "1-0"]
[WhiteElo "1923"]
[BlackElo "1965"]

1. d4 c6 2. c4 d5 3. Nf3 Bf5 4. Nc3 e6 5. c5 Nd7 6. Bf4 Ngf6 7. e3 Be7 8. Bd3
Bxd3 9. Qxd3 O-O 10. O-O b6 11. b4 b5 12. a4 a6 13. axb5 axb5 14. Ne5 Nh5 15.
Nxc6 Nxf4 16. Rxa8 Nxd3 17. Nxd8 Bxd8 18. Rb1 f5 19. Nxb5 f4 20. Ra3 Nxf2 21.
Kxf2 Bh4+ 22. Ke2 fxe3 23. Rxe3 Rf2+ 24. Kd3 Rxg2 25. c6 Nb6 26. Rxe6 Rxh2 27.
c7 Rh3+ 28. Ke2 Rh2+ 29. Kd3 Rh3+ 30. Re3 Rxe3+ 31. Kxe3 Bg3 32. Rc1 Nc4+ 33.
Rxc4 Bxc7 34. Rxc7 h5 35. Nd6 Kh7 36. b5 Kh6 37. b6 g5 38. Nf5+ Kg6 39. Ne7+ Kf6
40. b7 g4 41. b8=Q Kg5 42. Qg8+ Kh4 43. Nf5+ Kh3 44. Kf4 h4 45. Rc3+ g3 46. Nxg3
Kh2 47. Kf3 h3 48. Rc2+ 1-0

[Event "Bring Da Ruckus"]
[Site "http://www.queenalice.com/game.php?id=1171493"]
[Date "2013.4.14"]
[Round "-"]
[White "Thiha"]
[Black "kpfingaz"]
[Result "0-1"]
[WhiteElo "1933"]
[BlackElo "1639"]

1. e4 e6 2. d4 d5 3. e5 Bd7 4. f4 g6 5. Nf3 h6 6. Bd3 Ne7 7. g4 c6 8. Be3 b5 9.
b4 Na6 10. c3 Nc8 11. Nbd2 Nb6 12. Nb3 Qc7 13. Nfd2 Na4 14. Qc2 Be7 15. Rf1 Bh4+
16. Bf2 Bxf2+ 17. Rxf2 Rg8 18. Ke2 O-O-O 19. Nc5 N6xc5 20. dxc5 a6 21. Nf3 Be8
22. Nd4 Qe7 23. f5 g5 24. fxe6 Rg7 25. Raf1 fxe6 26. Nxe6 Rg8 27. Nxd8 Kxd8 28.
Rf6 Qxe5+ 29. Kd2 h5 30. Rd6+ Kc7 31. Rff6 Qxh2+ 32. Ke1 Qg3+ 33. Rf2 h4 34. Bf5
h3 35. Re6 h2 36. Re2 h1=Q+ 37. Kd2 Qxc3+ 38. Qxc3 Nxc3 39. Kxc3 Qc1+ 40. Rc2
Qa3+ 41. Kd4 Qxb4+ 42. Ke5 Qe1+ 43. Rfe2 Qg3+ 44. Kf6 Kd8 45. Re6 Kc7 46. Re7+
Kb8 47. Rce2 Qc3+ 48. R2e5 Qd4 49. Bh7 Qf4+ 50. Bf5 Qd4 0-1

[Event "Challenge"]
[Site "http://www.queenalice.com/game.php?id=1172825"]
[Date "2013.4.18"]
[Round "-"]
[White "Thiha"]
[Black "AlekinePb"]
[Result "1-0"]
[WhiteElo "1949"]
[BlackElo "1939"]

1. e4 e6 2. d4 d5 3. e5 c5 4. c3 Nc6 5. f4 Qb6 6. Nf3 cxd4 7. Nxd4 Bc5 8. Bb5
Bxd4 9. Bxc6+ bxc6 10. Qxd4 Qb5 11. a4 Qa6 12. Qc5 Ne7 13. Be3 Nf5 14. Bf2 Bd7
15. g4 Ne7 16. Bh4 Ng6 17. Bg3 Qd3 18. Na3 h5 19. Rd1 Qe4+ 20. Kd2 Nxf4 21. Rhe1
Qg2+ 22. Kc1 Ng6 23. Rd2 Qf3 24. gxh5 Rxh5 25. Nc2 Qg4 26. Nd4 Rc8 27. Qxa7 c5
28. Nb5 Bxb5 29. axb5 Qc4 30. b6 Qb5 31. Rf2 Ne7 32. Ref1 Rf5 33. Bh4 Qd7 34. b7
1-0

[Event "Challenge"]
[Site "http://www.queenalice.com/game.php?id=1172861"]
[Date "2013.4.18"]
[Round "-"]
[White "AlekinePb"]
[Black "Thiha"]
[Result "1-0"]
[WhiteElo "1939"]
[BlackElo "1949"]

1. d4 b6 2. c4 Bb7 3. Nc3 g6 4. e4 Bg7 5. f3 e6 6. Be3 Nc6 7. a3 a5 8. Bd3 Nge7
9. Nge2 O-O 10. O-O d5 11. cxd5 exd5 12. e5 f6 13. f4 fxe5 14. fxe5 Bc8 15. Rc1
Nf5 16. Bxf5 Bxf5 17. Qb3 Ne7 18. Nb5 c6 19. Nd6 Be6 20. Nf4 Bd7 21. Rf2 Nf5 22.
Nxf5 Rxf5 23. g4 Rf8 24. h3 Rb8 25. e6 Rxf4 26. Rxf4 Bxe6 27. Rcf1 Qh4 28. Kg2
h5 29. Bf2 Qg5 30. Be3 Qe7 31. gxh5 gxh5 32. Bf2 Qg5+ 33. Bg3 h4 34. Kh2 hxg3+
35. Kg2 Qh5 36. Qxg3 Kh8 37. Rh4 Qxh4 38. Qxh4+ Kg8 39. Qe7 Bc8 40. Rf7 1-0

[Event "Challenge"]
[Site "http://www.queenalice.com/game.php?id=1172954"]
[Date "2013.4.18"]
[Round "-"]
[White "AlekinePb"]
[Black "Thiha"]
[Result "1-0"]
[WhiteElo "1956"]
[BlackElo "1965"]

1. d4 Nf6 2. c4 d6 3. Nf3 g6 4. Nc3 Bg7 5. Bg5 O-O 6. e3 Nc6 7. Bd3 e5 8. d5 Nb8
9. O-O Qe8 10. b4 e4 11. Bxf6 exf3 12. Bxg7 fxg2 13. Bxf8 gxf1=Q+ 14. Qxf1 Kxf8
15. Qg2 h5 16. Ne4 Qe5 17. Rc1 b6 18. Ng5 Qb2 19. Re1 Qc3 20. Rd1 Qxb4 21. Qf3
Bg4 22. Qxf7# 1-0

[Event "Challenge"]
[Site "http://www.queenalice.com/game.php?id=1175109"]
[Date "2013.4.25"]
[Round "-"]
[White "Thiha"]
[Black "AlekinePb"]
[Result "1-0"]
[WhiteElo "1902"]
[BlackElo "1858"]

1. c4 c6 2. e4 d5 3. exd5 cxd5 4. c5 e5 5. b4 a5 6. Ba3 b6 7. Qc2 Qc7 8. Nc3
bxc5 9. Nb5 Qc6 10. bxc5 Nd7 11. Rc1 Ngf6 12. Nd6+ Bxd6 13. cxd6 Qxc2 14. Rxc2
O-O 15. f3 Re8 16. d3 e4 17. dxe4 dxe4 18. Be2 exf3 19. Nxf3 Ba6 20. h3 Rab8 21.
Kf2 Ne4+ 22. Ke1 Ng3 23. Rg1 Bxe2 24. Kf2 Bd3 25. Rc7 Ne2 26. Rxd7 Nxg1 27. Nxg1
Bf5 28. Rc7 Red8 29. Nf3 Be6 30. Ng5 h6 31. Nxe6 fxe6 32. Re7 Rf8+ 33. Ke3 Rfe8
34. d7 Red8 35. Kd4 Rb7 36. Re8+ Kh7 37. Rxd8 Rc7 38. Ke5 Kg6 39. Kd6 Ra7 40.
Kxe6 Ra6+ 41. Bd6 1-0

[Event "Challenge"]
[Site "http://www.queenalice.com/game.php?id=1175790"]
[Date "2013.4.27"]
[Round "-"]
[White "AlekinePb"]
[Black "Thiha"]
[Result "1-0"]
[WhiteElo "1839"]
[BlackElo "1921"]

1. d4 Nf6 2. c4 d5 3. Nf3 Bf5 4. Nc3 e6 5. Bg5 Bb4 6. e3 Nbd7 7. cxd5 Bxc3+ 8.
bxc3 exd5 9. Bxf6 gxf6 10. Bd3 Be4 11. c4 c6 12. O-O Rg8 13. Bxe4 dxe4 14. Nh4
Qe7 15. Nf5 Qe6 16. Ng3 f5 17. Ne2 Qxc4 18. Nf4 f6 19. d5 Ne5 20. Ne6 Rc8 21.
Rc1 Qxa2 22. Kh1 Nd3 23. Qh5+ Ke7 24. Qxh7+ Kd6 25. Qf7 Nxf2+ 26. Rxf2 Qxf2 27.
Rg1 Qh4 28. Nf4 Rce8 29. Qxb7 Rc8 30. dxc6 Qf2 31. Qd7+ Kc5 32. Rc1+ Kb4 33.
Qd4+ Kb3 34. Qc4+ Kb2 35. Qc3+ Ka2 36. Ra1# 1-0

[Event "Challenge"]
[Site "http://www.queenalice.com/game.php?id=1181289"]
[Date "2013.5.14"]
[Round "-"]
[White "Thiha"]
[Black "betofortaleza"]
[Result "1-0"]
[WhiteElo "1905"]
[BlackElo "1898"]

1. e4 e5 2. c3 Bc5 3. d4 exd4 4. cxd4 Bb4+ 5. Nc3 Nf6 6. Bd3 d6 7. d5 Bxc3+ 8.
bxc3 c6 9. c4 c5 10. h3 Nbd7 11. f4 Qe7 12. Qe2 O-O 13. Nf3 h6 14. O-O Nh5 15.
Kh2 g6 16. g4 Ng7 17. Bb2 f6 18. e5 fxe5 19. fxe5 dxe5 20. Nxe5 Nxe5 21. Rxf8+
Kxf8 22. Qxe5 Bd7 23. Rf1+ Ke8 24. Bxg6+ Kd8 25. Qxe7+ Kxe7 26. Rf7+ Kd6 27.
Rxg7 Rf8 28. Kg3 Rf1 29. Rf7 Rb1 30. Bxb1 1-0

[Event "Challenge"]
[Site "http://www.queenalice.com/game.php?id=1183632"]
[Date "2013.5.22"]
[Round "-"]
[White "waldi"]
[Black "Thiha"]
[Result "1-0"]
[WhiteElo "1883"]
[BlackElo "1879"]

1. d4 c6 2. c4 d5 3. Nc3 Bf5 4. Nf3 Nf6 5. Bg5 Nbd7 6. c5 e6 7. Ne5 Be7 8. Nxd7
Qxd7 9. e3 O-O 10. Bd3 Bxd3 11. Qxd3 b6 12. b4 b5 13. O-O a5 14. a3 axb4 15.
axb4 Ra7 16. Bxf6 Bxf6 17. f4 Rfa8 18. Rxa7 Rxa7 19. g4 g6 20. f5 exf5 21. gxf5
Ra8 22. fxg6 Qg4+ 23. Kh1 Kg7 24. gxh7 Rh8 25. Rg1 Qxg1+ 26. Kxg1 Rxh7 27. e4
dxe4 28. Qxe4 Rh6 29. Ne2 Kf8 30. Qf4 Rg6+ 31. Kh1 1-0

[Event "Challenge"]
[Site "http://www.queenalice.com/game.php?id=1184371"]
[Date "2013.5.24"]
[Round "-"]
[White "pestiferous"]
[Black "Thiha"]
[Result "1-0"]
[WhiteElo "1956"]
[BlackElo "1887"]

1. d4 c6 2. c4 d5 3. g3 Bf5 4. Bg2 Nf6 5. Nc3 a6 6. a4 Nbd7 7. cxd5 cxd5 8. Nxd5
Nxd5 9. Bxd5 Qa5+ 10. Bd2 Qxd5 11. Nf3 Be4 12. Bc3 g5 13. O-O g4 14. Nd2 Bh1 15.
e4 Bxe4 16. Nxe4 Qxe4 17. Re1 Qg6 18. Qe2 Rg8 19. Rad1 Nb6 20. d5 Nxa4 21. d6
Nxc3 22. d7+ Kd8 23. bxc3 Qc6 24. Rd4 b5 25. Qd2 e6 26. Qf4 Ke7 27. Red1 Rd8 28.
Rd6 Qf3 29. Qd4 Bg7 30. Qb4 Bxc3 31. Qc5 Kf6 32. R6d3 Qb7 33. Qxc3+ Ke7 34. Qc5+
Kf6 35. Qd4+ Kg5 36. Qf4+ Kh5 37. Qxf7+ Kh6 38. Qxe6+ Rg6 39. Qe3+ Rg5 40. Rd5
Rg8 41. d8=Q Kh5 42. Qdxg5+ Rxg5 43. Qxg5# 1-0

[Event "Shame On A Knight"]
[Site "http://www.queenalice.com/game.php?id=1186564"]
[Date "2013.6.1"]
[Round "-"]
[White "kpfingaz"]
[Black "Thiha"]
[Result "0-1"]
[WhiteElo "1603"]
[BlackElo "1887"]

1. d4 c6 2. Nf3 d6 3. h3 g6 4. c3 Bg7 5. e3 Nf6 6. Bd3 O-O 7. Nbd2 Nbd7 8. Nb3
Qe8 9. c4 e5 10. c5 e4 11. Ng5 exd3 12. Qxd3 dxc5 13. Nxc5 Nxc5 14. dxc5 Nd5 15.
g3 h6 16. Nf3 Bf5 17. Qd2 Qe4 18. Qe2 Nb4 19. O-O Bxh3 20. Rd1 Bg4 21. Kg2 Nc2
22. Rb1 Nd4 23. Rxd4 Bxd4 24. Ra1 Bxc5 25. a3 Rfe8 26. b4 Bf8 27. Bb2 Bg7 28.
Bxg7 Kxg7 29. Rd1 Rad8 30. Rxd8 Rxd8 31. Qb2+ Kg8 32. Qf6 Qxf3+ 33. Qxf3 Bxf3+
34. Kxf3 Rd3 35. a4 Ra3 36. a5 Rb3 37. a6 b6 38. g4 Rxb4 39. Kg3 g5 40. f3 f6
41. e4 Kf7 42. Kf2 Rd4 43. Ke3 c5 44. f4 Ke6 0-1

[Event "Challenge"]
[Site "http://www.queenalice.com/game.php?id=1194901"]
[Date "2013.6.28"]
[Round "-"]
[White "josebaron"]
[Black "Thiha"]
[Result "1-0"]
[WhiteElo "2037"]
[BlackElo "1916"]

1. e4 c6 2. Bc4 a5 3. Qf3 e6 4. a4 d5 5. exd5 cxd5 6. Bb5+ Bd7 7. Bxd7+ Nxd7 8.
d4 Qc7 9. c3 Ngf6 10. Ne2 Rc8 11. O-O Nb6 12. Nd2 Qc6 13. b3 Bd6 14. Bb2 Bc7 15.
Rfe1 1-0

[Event "Challenge"]
[Site "http://www.queenalice.com/game.php?id=1199399"]
[Date "2013.7.13"]
[Round "-"]
[White "Thiha"]
[Black "betofortaleza"]
[Result "0-1"]
[WhiteElo "1863"]
[BlackElo "1965"]

1. e4 e5 2. Nf3 Nc6 3. Bc4 h6 4. d3 Bc5 5. O-O d6 6. h3 Nf6 7. Qe2 Qe7 8. Nc3
Be6 9. Bxe6 Qxe6 10. Nh4 Nd4 11. Qd1 g5 12. Nf3 g4 13. Nxd4 Bxd4 14. h4 g3 15.
Be3 Bxe3 16. fxe3 Ng4 17. Nd5 O-O-O 18. Qf3 c6 19. Nc3 h5 20. Qxg3 Rhg8 21. Qf3
Rdf8 22. Ne2 Rg6 0-1

[Event "Challenge"]
[Site "http://www.queenalice.com/game.php?id=1199400"]
[Date "2013.7.13"]
[Round "-"]
[White "betofortaleza"]
[Black "Thiha"]
[Result "1-0"]
[WhiteElo "1977"]
[BlackElo "1892"]

1. e4 c5 2. Bc4 a6 3. Qf3 e6 4. d3 h6 5. Bf4 Nc6 6. Ne2 Nge7 7. Nbc3 Nb4 8. Bb3
d5 9. exd5 Nbxd5 10. Nxd5 exd5 11. O-O Be6 12. c4 Rc8 13. Rac1 b6 14. d4 cxd4
15. Nxd4 dxc4 16. Nxe6 fxe6 17. Bxc4 b5 18. Bxe6 Rxc1 19. Rxc1 g5 20. Bxg5 Rh7
21. Qh5+ 1-0